000 00662nam a2200193 a 4500
001 000025638
005 20200930023933.0
008 110218s1986 sp abc r 000 0 spa d
040 _aDO-SdBNP
_bspa
_cBNPHU
082 _axxxxx
_bW473a
100 1 _aWendt, Herbert
_948170
245 1 0 _aAntes del diluvio :
_bla novela del mundo de los fósiles /
_cHerbert Wendt ; traducción Jorge Deike.
260 _aBarcelona, España :
_bNoguer,
_c1986.
300 _a459 p. :
_bil., mapas., retrs. ;
_c22 cm.
500 _aIncluye notas al pie de las páginas.
534 _pTítulo original:
_tEhe die Sinflut kam.
700 1 _aDeike, Jorge,
_etr.
_952359
049 _aBNGR
999 _c25130
_d25130